000 00867nas a2200277 4500
001 BR0205586
003 BR-BrBNA
005 20231205103401.0
007 ta
008 230509b bl.|||p| |||| 00| 00por d
040 _aBR-BrBNA
_bpor
_cBiblioteca Nacional de Agricultura
041 _a(Pt)
072 _aF01; E72
100 1 _aMarcos, S.K.
100 1 _aJorge, J.T.
245 1 _aDesenvolvimento de tomate de mesa, com o uso do método QFD (Desdobramento da Função Qualidade), comercializado em um supermercado
650 _aTOMATE
650 _aPERDA PÓS-COLHEITA
650 _aQUALIDADE
650 _aCOMERCIALIZAÇÃO
650 _aMÉTODO
650 _aSÃO PAULO
773 0 _tHorticultura Brasileira (Brazil)
_xISSN 0102-0536
_g(Sep 2002), v. 20(3) p. 490-496
_wBR0205586
909 _a202311
_bLúcia
_c55
_dLúcia Elande
942 _2AGRIS
_n0
_cANA
999 _c172576
_d172576